00380pab a2200133 454500008004000000100001900040245009100059260000900150300001500159362000800174650001300182650001700195773003400212180718b2011 xxu||||| |||| 00| 0 eng d aWan, Poe Yu-Ze aEmergence a la systems theory: Epistemological totalausschluss or ontological novelty? c2011 ap.178-210. aJun aOntology aEpistemology aPhilosophy of Social Sciences